[Event "10e Open de Saint-Chély d'Aubrac"]
[Site "Saint-Chély d'Aubrac"]
[Date "2010.07.12"]
[Round "3.1"]
[White "Moingt, Jean-Claude"]
[Black "Degraeve, Jean-Marc"]
[Result "0-1"]
[WhiteElo "2290"]
[BlackElo "2569"]
[PlyCount "98"]
[EventDate "2010.??.??"]

1. e4 Nf6 2. e5 Nd5 3. d4 d6 4. c4 Nb6 5. exd6 exd6 6. Bd3 Be7 7. Ne2 O-O 8.
O-O Nc6 9. Nbc3 Re8 10. b3 Bg5 11. d5 Nb4 12. a3 Nxd3 13. Qxd3 Nd7 14. Bxg5
Qxg5 15. f4 Nc5 16. Qf3 Qg6 17. b4 Bg4 18. f5 Qh5 19. Qg3 Bxe2 20. Nxe2 Rxe2
21. bxc5 dxc5 22. Qxc7 Qg4 23. Qg3 Qxg3 24. hxg3 Rae8 25. Rad1 Rc2 26. Rfe1 Kf8
27. Rxe8+ Kxe8 28. Re1+ Kd7 29. Re4 Rc3 30. Rg4 Ke7 31. Rxg7 Rxc4 32. Rg8 Rd4
33. Rb8 Rxd5 34. Rxb7+ Rd7 35. Rb5 Rc7 36. Kf2 Kf6 37. g4 Kg5 38. Kg3 c4 39.
Rb2 c3 40. Rc2 Rc4 41. Kf3 h6 42. g3 Rc7 43. a4 a5 44. Ke4 Kxg4 45. Ke5 Kxg3
46. Kd6 Rc4 47. Ke7 Kf4 48. f6 Ke3 49. Kxf7 Kd3 0-1

[Event "10e Open de Saint-Chély d'Aubrac"]
[Site "Saint-Chély d'Aubrac"]
[Date "2010.07.12"]
[Round "3.2"]
[White "Apicella, Manuel"]
[Black "Saucey, Michel"]
[Result "1-0"]
[WhiteElo "2529"]
[BlackElo "2306"]
[PlyCount "33"]
[EventDate "2010.??.??"]

1. e4 g6 2. d4 Bg7 3. Nc3 d6 4. Be3 a6 5. Qd2 b5 6. a4 b4 7. Nce2 a5 8. Ng3 Nf6
9. Bh6 O-O 10. Nf3 Bg4 11. Bxg7 Kxg7 12. e5 Nfd7 13. Be2 dxe5 14. dxe5 Nc6 15.
O-O-O Bxf3 16. Bxf3 Ndxe5 17. Nh5+ $1 1-0

[Event "10e Open de Saint-Chély d'Aubrac"]
[Site "Saint-Chély d'Aubrac"]
[Date "2010.07.12"]
[Round "3.3"]
[White "Van Hoolandt, Patrick"]
[Black "Riff, Jean-Noel"]
[Result "0-1"]
[WhiteElo "2171"]
[BlackElo "2500"]
[PlyCount "74"]
[EventDate "2010.??.??"]

1. d4 e6 2. Nf3 c5 3. c4 cxd4 4. Nxd4 Nf6 5. Nc3 Bb4 6. Ndb5 d5 7. e3 a6 8. Qa4
Nc6 9. Nd4 Qb6 10. Nxc6 bxc6 11. Bd2 O-O 12. Be2 e5 13. a3 Be7 14. Qc2 Be6 15.
O-O a5 16. h3 Rfd8 17. Na4 Qa7 18. Rfd1 Ne4 19. Be1 f5 20. Rac1 Rac8 21. c5 Rb8
22. f3 Nf6 23. Qc3 Nd7 24. Qxa5 Qb7 25. Ba6 Qb3 26. Rd3 Qa2 27. b4 e4 28. Nc3
Qb2 29. Rb1 Qc2 30. Rdd1 exf3 31. gxf3 Ne5 32. Be2 f4 33. exf4 d4 34. Ne4 $4 (
34. Qc7 $142) 34... Qxe2 35. fxe5 Qxf3 36. Ng3 Bd5 37. Rd2 Bh4 0-1

[Event "10e Open de Saint-Chély d'Aubrac"]
[Site "Saint-Chély d'Aubrac"]
[Date "2010.07.12"]
[Round "3.4"]
[White "Sanduleac, Vasile"]
[Black "Nass, Emile"]
[Result "1-0"]
[WhiteElo "2451"]
[BlackElo "2248"]
[PlyCount "89"]
[EventDate "2010.??.??"]

1. e4 e6 2. Qe2 Be7 3. Nf3 d5 4. d3 Nf6 5. g3 b5 6. Bg2 dxe4 7. dxe4 b4 8. c4
bxc3 9. Nxc3 Ba6 10. Qc2 O-O 11. Bg5 Nc6 12. a3 Nd7 13. Bxe7 Qxe7 14. Bf1 Bb7
15. Bg2 Nde5 16. Nxe5 Nxe5 17. O-O c5 18. f4 Nc4 19. Qe2 Nb6 20. Rfd1 Rfd8 21.
Qf2 c4 22. h3 h6 23. Kh2 Rd3 24. Bf1 Rxd1 25. Rxd1 Rd8 26. Rd4 Rd7 27. Qd2 Bc6
28. Rxd7 Qxd7 29. Qxd7 Bxd7 30. Kg2 f6 31. e5 Bc6+ 32. Kf2 g5 33. Ke3 gxf4+ 34.
gxf4 fxe5 35. fxe5 Kf7 36. Be2 Bd5 37. Bh5+ Ke7 38. Kd4 Bc6 39. Bg6 Bg2 40. h4
Bf1 41. Be4 Kd7 42. Kc5 Kc7 43. Nb5+ Kd7 44. Bc6+ Ke7 45. Nxa7 1-0

[Event "10e Open de Saint-Chély d'Aubrac"]
[Site "Saint-Chély d'Aubrac"]
[Date "2010.07.12"]
[Round "3.5"]
[White "Richard, Emma"]
[Black "Mullon, Jean-Baptiste"]
[Result "1-0"]
[WhiteElo "2100"]
[BlackElo "2442"]
[PlyCount "85"]
[EventDate "2010.??.??"]

1. e4 c5 2. Nf3 e6 3. d4 cxd4 4. Nxd4 a6 5. Bd3 Bc5 6. Nb3 Be7 7. O-O d6 8. Nc3
Nf6 9. f4 Nc6 10. Qe2 Qc7 11. Be3 b5 12. Rad1 b4 13. Nb1 O-O 14. N1d2 a5 15.
Nc4 Rb8 16. a4 d5 17. Ncd2 Rd8 18. e5 Nd7 19. Rf3 g6 20. Rh3 Nb6 21. Bb5 Na7
22. Nd4 Nxb5 23. axb5 Bd7 24. N2f3 Nc4 25. Bc1 a4 26. b3 axb3 27. cxb3 Na3 28.
Ng5 Bxg5 29. fxg5 Nxb5 30. Nxb5 Bxb5 31. Qf2 Rbc8 32. Qh4 h5 33. gxh6 Kh7 34.
Qf6 Rg8 35. Bg5 Be2 36. Re1 Bh5 37. Rf1 Rcf8 38. g4 $1 d4 (38... Bxg4 39. Rh4 (
39. Qg7+ Rxg7 40. hxg7+ Bxh3 41. gxf8=Q Qa7+ 42. Kh1 Bxf1 43. Qh6+ Kg8 44. Bf6
Bg2+ 45. Kxg2 Qa2+ 46. Kf1 Qb1+ 47. Ke2 Qc2+ 48. Ke1 Qb1+ 49. Kd2 Qb2+) 39...
Bh5 40. Rhf4 Qc5+ 41. R1f2 Qc1+ 42. Kg2) 39. gxh5 gxh5 40. Rg3 d3 41. Be3 h4
42. Rg7+ Kh8 43. Rxg8+ 1-0

[Event "10e Open de Saint-Chély d'Aubrac"]
[Site "Saint-Chély d'Aubrac"]
[Date "2010.07.12"]
[Round "3.6"]
[White "Massoni, Michael"]
[Black "Lagunes, Jean-Renaud"]
[Result "1-0"]
[WhiteElo "2308"]
[BlackElo "2074"]
[PlyCount "103"]
[EventDate "2010.??.??"]

1. e4 d6 2. d4 Nf6 3. Nc3 g6 4. Nf3 Bg7 5. h3 a6 6. a4 c5 7. dxc5 Qa5 8. Bd3
Qxc5 9. Be3 Qa5 10. O-O Nc6 11. Nd2 Be6 12. f4 Rc8 13. Qe1 Nb4 14. Qf2 Nxd3 15.
cxd3 Qb4 16. Nf3 O-O 17. a5 Bb3 18. Nd4 e6 19. Nf3 Nd7 20. Qh4 d5 21. Qf2 Nc5
22. Bxc5 Rxc5 23. e5 Rxa5 24. Qd4 Qc5 25. Qxc5 Rxc5 26. Nd4 Bc4 27. dxc4 Rxc4
28. Nce2 g5 29. g3 Rfc8 30. Kf2 Kf8 31. Ke3 gxf4+ 32. gxf4 Bh6 33. Kd3 Ke7 34.
f5 Bg5 35. fxe6 fxe6 36. Rf3 Bc1 37. b3 R4c5 38. Rf6 Bb2 39. Raf1 Bxd4 40. Rf7+
Kd8 41. Rf8+ Kc7 42. Nxd4 Kb6 43. Rxc8 Rxc8 44. Nxe6 Re8 45. Rf6 Rg8 46. Nd4+
Kc5 47. e6 Kd6 48. Rf3 Rg1 49. Re3 Ke7 50. Nf5+ Ke8 51. e7 Rg6 52. Kd4 1-0

[Event "10e Open de Saint-Chély d'Aubrac"]
[Site "Saint-Chély d'Aubrac"]
[Date "2010.07.12"]
[Round "3.7"]
[White "Husson, Cybele"]
[Black "Muller, Anne"]
[Result "0-1"]
[WhiteElo "2040"]
[BlackElo "2184"]
[PlyCount "90"]
[EventDate "2010.??.??"]

1. e4 c5 2. Nc3 Nc6 3. Bb5 Nd4 4. Bc4 e6 5. d3 a6 6. Nge2 b5 7. Bb3 Nxb3 8.
axb3 Bb7 9. O-O Nf6 10. f4 Be7 11. e5 Nd5 12. Ng3 Qc7 13. Bd2 O-O 14. Nce4 f5
15. exf6 Nxf6 16. f5 Nxe4 17. dxe4 exf5 18. Rxf5 Rxf5 19. Nxf5 Bf6 20. Qg4 Kh8
21. Bc3 Bxc3 22. bxc3 Qe5 23. Rd1 Bc6 24. Qg3 Qxg3 25. Nxg3 Kg8 26. Kf2 Kf7 27.
Ke3 a5 28. Nf5 g6 29. Nd6+ Ke6 30. g3 a4 31. c4 axb3 32. cxb3 b4 33. h4 Ra3 34.
Rd3 Ra1 35. Ke2 Rc1 36. Kd2 Rc3 37. Nb5 Rxd3+ 38. Kxd3 Ke5 39. Nc7 Bxe4+ 40.
Ke2 Kf5 41. Ne8 Bc6 42. Ke3 Ke5 43. Ng7 d5 44. Kd3 Kf6 45. cxd5 Bb5+ 0-1

[Event "10e Open de Saint-Chély d'Aubrac"]
[Site "Saint-Chély d'Aubrac"]
[Date "2010.07.12"]
[Round "3.8"]
[White "Villegas, Pierre"]
[Black "Carno, Matthias"]
[Result "1-0"]
[WhiteElo "2244"]
[BlackElo "1925"]
[PlyCount "77"]
[EventDate "2010.??.??"]

1. d4 g6 2. c4 Bg7 3. Nc3 d6 4. e4 Nf6 5. Nge2 Nc6 6. d5 Ne5 7. f4 Ned7 8. Ng3
Nc5 9. Be2 e5 10. fxe5 dxe5 11. Be3 Qe7 12. b4 Ncd7 13. c5 a6 14. O-O O-O 15.
Rc1 c6 16. a4 Rd8 17. Qb3 h6 18. Rfd1 Nb8 19. h3 Kh7 20. b5 Nfd7 21. bxc6 bxc6
22. d6 Qf8 23. Bc4 f5 24. exf5 gxf5 25. Rf1 f4 26. Nh5 Qe8 27. Bf7 Qf8 28. Bf2
Nf6 29. Bh4 Nbd7 30. Nxf6+ Bxf6 31. Bxf6 Nxf6 32. Be6 Nd7 33. Qc2+ Kg7 34. Ne4
Nf6 35. Bxc8 Raxc8 36. Nxf6 Qxf6 37. Qe4 Kf7 38. Rb1 Ke6 39. Rb7 1-0

[Event "10e Open de Saint-Chély d'Aubrac"]
[Site "Saint-Chély d'Aubrac"]
[Date "2010.07.12"]
[Round "3.9"]
[White "Grange, Emmanuel"]
[Black "Muheim, Sebastien"]
[Result "0-1"]
[WhiteElo "1460"]
[BlackElo "2112"]
[PlyCount "66"]
[EventDate "2010.??.??"]

1. e4 c5 2. c3 Nf6 3. e5 Nd5 4. d4 cxd4 5. cxd4 e6 6. Ne2 d6 7. g3 Bd7 8. Bg2
Bc6 9. O-O Nd7 10. exd6 Bxd6 11. Nbc3 N7f6 12. Nxd5 Nxd5 13. Qb3 O-O 14. Bd2
Qd7 15. Nc3 Nxc3 16. bxc3 Bxg2 17. Kxg2 Qc6+ 18. Kg1 Rfd8 19. c4 Bc5 20. Be3
Bxd4 21. Rab1 b6 22. a4 Bxe3 23. fxe3 Rd2 24. Rf2 Rad8 25. Rb2 Rd1+ 26. Rf1
Rxf1+ 27. Kxf1 Qf3+ 28. Ke1 Qh1+ 29. Kf2 Qxh2+ 30. Kf3 Qh5+ 31. g4 Qh3+ 32. Kf4
f6 33. c5 g5+ 0-1

[Event "10e Open de Saint-Chély d'Aubrac"]
[Site "Saint-Chély d'Aubrac"]
[Date "2010.07.12"]
[Round "3.10"]
[White "Duffau, Pascal"]
[Black "Messinger, Karl"]
[Result "1/2-1/2"]
[WhiteElo "2034"]
[BlackElo "1870"]
[PlyCount "72"]
[EventDate "2010.??.??"]

1. Nf3 Nf6 2. c4 e6 3. Nc3 Bb4 4. Qc2 O-O 5. a3 Bxc3 6. Qxc3 d6 7. d4 h6 8. Qc2
Qe7 9. e4 e5 10. dxe5 dxe5 11. b4 Bg4 12. Be2 Nc6 13. Be3 Rfd8 14. O-O Bxf3 15.
Bxf3 Nd4 16. Bxd4 Rxd4 17. Rad1 Rad8 18. Rxd4 Rxd4 19. Rd1 {(=)} Qd7 20. Rxd4
Qxd4 21. Kf1 Qa1+ 22. Ke2 Qxa3 23. Qd2 Kh7 24. g3 Qb3 25. c5 Qc4+ 26. Ke3 b6
27. cxb6 axb6 28. h3 c5 29. bxc5 Qxc5+ 30. Kd3 b5 31. Qb2 Nd7 32. Bd1 Nb6 33.
Bb3 Nc4 34. Qc2 Qd4+ 35. Ke2 Nd6 36. Bd5 b4 1/2-1/2

[Event "10e Open de Saint-Chély d'Aubrac"]
[Site "Saint-Chély d'Aubrac"]
[Date "2010.07.12"]
[Round "3.11"]
[White "Batteux, Mickael"]
[Black "Marie, Olivier"]
[Result "1-0"]
[WhiteElo "2003"]
[BlackElo "1710"]
[PlyCount "31"]
[EventDate "2010.??.??"]

1. d4 d5 2. Nf3 Nf6 3. c3 e6 4. Bg5 Be7 5. e3 Nbd7 6. Nbd2 Ne4 7. Bxe7 Qxe7 8.
Bd3 f5 9. O-O Qf6 10. Ne1 Qh6 11. Qe2 Ndf6 12. f3 g5 13. fxe4 dxe4 14. Bxe4
fxe4 15. Qb5+ Ke7 16. Qe5 1-0

[Event "10e Open de Saint-Chély d'Aubrac"]
[Site "Saint-Chély d'Aubrac"]
[Date "2010.07.12"]
[Round "3.12"]
[White "Balducchi, Francois"]
[Black "Geronimi, Pierre-Francois"]
[Result "0-1"]
[WhiteElo "1721"]
[BlackElo "1974"]
[PlyCount "98"]
[EventDate "2010.??.??"]

1. e4 c5 2. Nf3 d6 3. Bb5+ Nd7 4. O-O Ngf6 5. Re1 a6 6. Bf1 e6 7. c3 b5 8. d4
cxd4 9. cxd4 Be7 10. a3 O-O 11. Nc3 Bb7 12. Bf4 Rc8 13. Rc1 Qb6 14. d5 Ng4 15.
Bg3 e5 16. Nh4 Nh6 17. Kh1 Bg5 18. Rc2 Nc5 19. Nf3 Be7 20. Nd2 Qd8 21. b4 Nd7
22. Nf3 Nb6 23. Nxb5 axb5 24. Bxb5 Ra8 25. Ra2 f5 26. Nd2 f4 27. Bxf4 Rxf4 28.
a4 Rxf2 29. a5 Nxd5 30. Bc4 Kh8 31. exd5 Qc8 32. Re2 Rf4 33. Rc2 Qf5 34. Nf3 e4
35. Nd2 Ng4 36. Kg1 Nf2 37. Qe1 Rf8 38. a6 Bxd5 39. Bxd5 Qxd5 40. Rxf2 Rxf2 41.
Qxf2 Rxf2 42. Kxf2 h5 43. Ke2 Qd3+ 44. Kd1 Qxa6 45. Nxe4 Qf1+ 46. Kd2 Qxg2+ 47.
Kd3 Qf3+ 48. Kd4 Bf6+ 49. Kd5 Qd3+ 0-1

[Event "10e Open de Saint-Chély d'Aubrac"]
[Site "Saint-Chély d'Aubrac"]
[Date "2010.07.12"]
[Round "3.13"]
[White "Viennot, Dylan"]
[Black "Grange, Romain"]
[Result "1-0"]
[WhiteElo "1969"]
[BlackElo "1690"]
[PlyCount "67"]
[EventDate "2010.??.??"]

1. e4 Nf6 2. e5 Nd5 3. d4 d6 4. Nf3 Bg4 5. Be2 Nc6 6. c4 Nb6 7. exd6 exd6 8. b3
Be7 9. Bb2 Bf6 10. Nbd2 O-O 11. O-O Re8 12. Re1 a5 13. h3 Bf5 14. Nf1 a4 15.
Ng3 Bg6 16. Qd2 Qd7 17. d5 Ne5 18. Nd4 c5 19. Nb5 Bf5 20. f4 Ng6 21. Bxf6 gxf6
22. Nxf5 Qxf5 23. Nxd6 Qxf4 24. Qxf4 Nxf4 25. Nxe8 axb3 26. Nxf6+ Kg7 27. Nh5+
Nxh5 28. Bxh5 b2 29. Rab1 Rxa2 30. d6 Nxc4 31. d7 Ra8 32. Re8 Ra1 33. d8=Q
Rxb1+ 34. Bd1 1-0

[Event "10e Open de Saint-Chély d'Aubrac"]
[Site "Saint-Chély d'Aubrac"]
[Date "2010.07.12"]
[Round "3.14"]
[White "Hug, Timothee"]
[Black "Pieri, Pierre-Louis"]
[Result "0-1"]
[WhiteElo "1691"]
[BlackElo "1943"]
[PlyCount "58"]
[EventDate "2010.??.??"]

1. e4 e5 2. Nf3 Nc6 3. Bb5 a6 4. Ba4 Nf6 5. O-O b5 6. Bb3 Be7 7. Re1 O-O 8. c3
d5 9. exd5 Nxd5 10. d4 exd4 11. Nxd4 Nxd4 12. Qxd4 Bb7 13. Qe4 Bf6 14. Rd1 Re8
15. Qc2 Qe7 16. Nd2 Nf4 17. Nf1 Be4 18. Qd2 Nxg2 19. Qe2 Nh4 20. Nd2 Qd7 21.
Nxe4 Qh3 22. Nxf6+ gxf6 23. Bxf7+ Kxf7 24. Qh5+ Kg8 25. Qd5+ Kh8 26. Bf4 Nf3+
27. Kh1 Rg8 28. Rg1 Nxg1 29. Rxg1 Rad8 0-1

[Event "10e Open de Saint-Chély d'Aubrac"]
[Site "Saint-Chély d'Aubrac"]
[Date "2010.07.12"]
[Round "3.15"]
[White "Bigonnet, Jean-Michel"]
[Black "Franceschini, Francois-Marie"]
[Result "1-0"]
[WhiteElo "1925"]
[BlackElo "1670"]
[PlyCount "89"]
[EventDate "2010.??.??"]

1. d4 d5 2. Nc3 Nf6 3. Bg5 e6 4. e4 Be7 5. Bxf6 Bxf6 6. Nf3 dxe4 7. Nxe4 Nc6 8.
c3 O-O 9. Bd3 Re8 10. h4 e5 11. d5 Ne7 12. Nxf6+ gxf6 13. Qc2 Ng6 14. O-O-O h5
15. Bxg6 fxg6 16. Qxg6+ Kf8 17. Qxh5 Qe7 18. Qh8+ Kf7 19. Qh7+ Kf8 20. Qxe7+
Kxe7 21. Nd2 f5 22. Rhe1 Kf6 23. Nc4 Bd7 24. d6 c6 25. Na5 b6 26. Nxc6 Bxc6 27.
d7 Bxd7 28. Rxd7 Red8 29. Red1 Rxd7 30. Rxd7 Ke6 31. Rd1 f4 32. Rh1 Kf5 33. h5
e4 34. Kd2 Rd8+ 35. Ke2 Kg4 36. h6 f3+ 37. gxf3+ exf3+ 38. Ke3 Re8+ 39. Kd3
Rd8+ 40. Kc2 Re8 41. h7 Re2+ 42. Kd3 Rxf2 43. h8=Q Rg2 44. Qh5+ Kg3 45. Qh4#
1-0

[Event "10e Open de Saint-Chély d'Aubrac"]
[Site "Saint-Chély d'Aubrac"]
[Date "2010.07.12"]
[Round "3.16"]
[White "Tassetti, Florent"]
[Black "Lavanchy, Marc-Henri"]
[Result "1/2-1/2"]
[WhiteElo "1676"]
[BlackElo "1912"]
[PlyCount "62"]
[EventDate "2010.??.??"]

1. Nf3 Nf6 2. c4 g6 3. g3 Bg7 4. Bg2 c5 5. Nc3 O-O 6. O-O Nc6 7. e3 d6 8. a3
Bd7 9. Rb1 a5 10. Re1 Re8 11. d4 cxd4 12. exd4 Bf5 13. Ra1 e5 14. dxe5 dxe5 15.
Bg5 h6 16. Be3 Ng4 17. Qxd8 Raxd8 18. Bb6 {(=)} Rd3 19. h3 Nf6 20. Rad1 Nd7 21.
Be3 e4 22. Rxd3 exd3 23. Rd1 g5 24. Ne1 {(=)} Nde5 25. g4 Bg6 26. Bd5 Re7 27.
Na4 Rc7 28. Bb6 Re7 29. b3 Nd7 30. Be3 Nde5 31. Nc5 Rc7 1/2-1/2

[Event "10e Open de Saint-Chély d'Aubrac"]
[Site "Saint-Chély d'Aubrac"]
[Date "2010.07.12"]
[Round "3.17"]
[White "Joyeux, Gerard"]
[Black "Huin, Eric"]
[Result "0-1"]
[WhiteElo "1657"]
[BlackElo "1887"]
[PlyCount "58"]
[EventDate "2010.??.??"]

1. d4 Nf6 2. Nc3 d5 3. e4 dxe4 4. f3 exf3 5. Nxf3 Bg4 6. h3 Bxf3 7. Qxf3 c6 8.
Be3 Nd5 9. Bc4 e6 10. O-O f6 11. Nxd5 exd5 12. Bd3 Qd7 13. Qh5+ Qf7 14. Qe2 Bd6
15. c4 O-O 16. cxd5 cxd5 17. Qc2 g6 18. Rae1 Nc6 19. a3 Rac8 20. Qf2 f5 21. Bd2
Nxd4 22. Be3 Nc6 23. Rc1 Ne5 24. Bb1 b6 25. Rfd1 Rxc1 26. Bxc1 Nc4 27. Ba2 Bc5
28. Rd4 Qf6 29. Bxc4 Qxd4 0-1

[Event "10e Open de Saint-Chély d'Aubrac"]
[Site "Saint-Chély d'Aubrac"]
[Date "2010.07.12"]
[Round "3.18"]
[White "Luciani, Thibault"]
[Black "Guerry, Emilien"]
[Result "1-0"]
[WhiteElo "1887"]
[BlackElo "1650"]
[PlyCount "67"]
[EventDate "2010.??.??"]

1. e4 c5 2. Nf3 e6 3. d4 cxd4 4. Nxd4 Nc6 5. c4 Nf6 6. Nc3 a6 7. Be2 Bb4 8.
Nxc6 bxc6 9. Qc2 Qc7 10. O-O O-O 11. Bd2 Be7 12. Rac1 h6 13. f4 d6 14. b3 Bd7
15. Qd3 Rad8 16. Qg3 Kh8 17. f5 Rg8 18. Qh3 Nh7 19. Bh5 Rdf8 20. Qg3 Bg5 21.
Bxg5 Nxg5 22. h4 Nh7 {(=)} 23. Rcd1 e5 24. Qd3 Qa5 25. Qd2 Nf6 26. Be2 Rd8 27.
g4 g5 28. fxg6 Rxg6 29. Kh1 Nh7 30. Rxf7 Bxg4 31. Bxg4 Rxg4 32. Qxh6 Rg1+ 33.
Rxg1 Qxc3 34. Qxh7# 1-0

[Event "10e Open de Saint-Chély d'Aubrac"]
[Site "Saint-Chély d'Aubrac"]
[Date "2010.07.12"]
[Round "3.19"]
[White "Vincenti, Francois-Xavier"]
[Black "Moulie, Patrick"]
[Result "1-0"]
[WhiteElo "1848"]
[BlackElo "1639"]
[PlyCount "83"]
[EventDate "2010.??.??"]

1. e3 c5 2. d4 cxd4 3. exd4 d5 4. Nf3 Nc6 5. c3 Bg4 6. Be2 Qc7 7. O-O e6 8. Bg5
f6 9. Bh4 Bd6 10. Nbd2 h5 11. Bg3 Bxg3 12. fxg3 O-O-O 13. b4 Nce7 14. Qa4 Kb8
15. Rfc1 g5 16. b5 Qb6 17. Nb3 Bxf3 18. Bxf3 g4 19. Be2 f5 20. Rab1 Nf6 21. Nc5
h4 22. Qb4 hxg3 23. hxg3 Rh6 24. Na6+ Kc8 25. Qxe7 Ne4 26. Bd3 Nxg3 27. Qc5+
Kd7 28. Qxb6 axb6 29. Nb4 Rdh8 30. Kf2 f4 31. Re1 Kd6 32. Re5 Nh1+ 33. Ke2 Rh2
34. Re1 f3+ 35. Kd1 Rxg2 36. Rxe6+ Kc7 37. Nxd5+ Kb8 38. Re8+ Rxe8 39. Rxe8+
Ka7 40. Bf1 Rxa2 41. Nc7 Nf2+ 42. Kc1 1-0

[Event "10e Open de Saint-Chély d'Aubrac"]
[Site "Saint-Chély d'Aubrac"]
[Date "2010.07.12"]
[Round "3.20"]
[White "Colombo, Maceo"]
[Black "Saucey, Capucine"]
[Result "0-1"]
[WhiteElo "1199"]
[BlackElo "1828"]
[PlyCount "68"]
[EventDate "2010.??.??"]

1. e4 e5 2. Nf3 Nc6 3. Nc3 Nf6 4. Bc4 Nxe4 5. Nxe4 d5 6. Bb3 dxe4 7. Ng1 Bc5 8.
d3 Qf6 9. f3 Qg6 10. Qe2 exd3 11. cxd3 Bf5 12. Bf4 Bxd3 13. Qd2 Bb4 14. Qxb4
Nxb4 15. Rc1 exf4 16. Rxc7 O-O 17. Nh3 Qxg2 18. Nxf4 Qxh1+ 19. Kd2 Qxh2+ 20.
Kc3 Qxf4 21. Rxb7 Rac8+ 22. Bc4 Qxc4+ 23. Kd2 Qf4+ 24. Ke1 Rc1+ 25. Kf2 Rf1+
26. Kg2 Qxf3+ 27. Kh2 Qxb7 (27... Rh1#) 28. a3 Qg2+ 29. Kxg2 Rb1 30. axb4 Rxb2+
31. Kg3 Rxb4 32. Kf3 h5 33. Ke3 a5 34. Kxd3 h4 0-1

[Event "10e Open de Saint-Chély d'Aubrac"]
[Site "Saint-Chély d'Aubrac"]
[Date "2010.07.12"]
[Round "3.21"]
[White "Grange, Laurent"]
[Black "Mourgues, Joelle"]
[Result "0-1"]
[WhiteElo "1513"]
[BlackElo "1797"]
[PlyCount "78"]
[EventDate "2010.??.??"]

1. e4 c5 2. Nc3 Nc6 3. Bc4 e6 4. d3 Be7 5. Nge2 a6 6. a4 Nf6 7. Bg5 O-O 8. f4
d6 9. O-O Nd4 10. Ng3 Rb8 11. f5 h6 12. Bxf6 Bxf6 13. Rb1 Bd7 14. fxe6 fxe6 15.
Qg4 Kh8 16. Rf2 Qe7 17. Rbf1 b5 18. axb5 axb5 19. Ba2 Nc6 20. Nce2 Ne5 21. Qh3
Ra8 22. Bb1 Nf7 23. c3 Ng5 24. Qg4 c4 25. Nf4 Be8 26. h4 Nh7 27. Nxe6 Bd7 28.
Nxf8 Bxg4 29. Ng6+ Kg8 30. Nxe7+ Bxe7 31. d4 Bxh4 32. Kh2 Nf6 33. Rf4 Bg5 34.
R4f2 Bd7 35. Nf5 Ng4+ 36. Kg1 Nxf2 37. Kxf2 Rf8 38. Kg1 g6 39. Nxd6 Be3+ 0-1

[Event "10e Open de Saint-Chély d'Aubrac"]
[Site "Saint-Chély d'Aubrac"]
[Date "2010.07.12"]
[Round "3.22"]
[White "Devoille, Hugo"]
[Black "Rota Graziosi, Annael"]
[Result "1-0"]
[WhiteElo "1746"]
[BlackElo "1150"]
[PlyCount "119"]
[EventDate "2010.??.??"]

1. e4 c5 2. Nf3 g6 3. d4 Bg7 4. c3 e6 5. dxc5 Nc6 6. Na3 Nge7 7. Nb5 O-O 8. Nd6
Nb8 9. Bd3 b6 10. Be3 Ba6 11. cxb6 axb6 12. Qb3 Bxd3 13. Bxb6 Bc2 14. Bxd8 Bxb3
15. Bxe7 Re8 16. Nxe8 Nc6 17. Bd6 Rxe8 18. axb3 Nd8 19. Ra8 Bf6 20. e5 Be7 21.
Bxe7 Rxe7 22. Rxd8+ Kg7 23. Ke2 f6 24. Rd1 fxe5 25. R1xd7 Rxd7 26. Rxd7+ Kf6
27. Rxh7 e4 28. Nd2 g5 29. Nxe4+ Kg6 30. Nxg5 Kxg5 31. Rf7 Kg6 32. Rf3 e5 33.
Ke3 Kg5 34. Ke4 Kg4 35. h3+ Kg5 36. g3 Kg6 37. Kxe5 Kg7 38. g4 Kh6 39. h4 Kg6
40. Ke6 Kh6 41. Rf5 Kg6 42. Rg5+ Kh6 43. Rh5+ Kg6 44. f4 Kg7 45. Ke7 Kg8 46. f5
Kg7 47. g5 Kg8 48. Rh6 Kg7 49. h5 Kg8 50. Rh8+ Kxh8 51. h6 Kh7 52. c4 Kh8 53.
g6 Kg8 54. f6 Kh8 55. g7+ Kh7 56. f7 Kxh6 57. g8=Q Kh5 58. Kf6 Kh4 59. Qg2 Kh5
60. Qg5# 1-0

[Event "10e Open de Saint-Chély d'Aubrac"]
[Site "Saint-Chély d'Aubrac"]
[Date "2010.07.12"]
[Round "3.23"]
[White "Manser, Lucas"]
[Black "Griggio, Jean-Paul"]
[Result "1/2-1/2"]
[WhiteElo "1642"]
[BlackElo "1788"]
[PlyCount "84"]
[EventDate "2010.??.??"]

1. e4 e6 2. d4 d5 3. e5 c5 4. c3 Nc6 5. Nf3 Qb6 6. Be2 cxd4 7. cxd4 Bd7 8. O-O
Nge7 9. Nc3 Nf5 10. Na4 Qd8 11. a3 Nh4 12. Be3 Nxf3+ 13. Bxf3 Be7 14. b4 O-O
15. Nc5 Bxc5 16. bxc5 f6 17. exf6 Qxf6 18. Rb1 Bc8 19. Qd2 h6 20. Rfd1 Qg6 21.
Kh1 Qf6 22. Rb2 Ne7 23. Qa5 Ng6 24. Qc7 Rf7 25. Qd6 Nh4 26. Bh5 g6 27. Be2 Nf5
28. Qe5 Qxe5 29. dxe5 Kg7 30. Bd3 Rc7 31. Bxf5 gxf5 32. Rb4 h5 33. f3 Bd7 34.
g4 hxg4 35. fxg4 Bc6 36. Kg1 Rg8 37. g5 Kg6 38. Rh4 Rh7 39. Rxh7 Kxh7 40. h4
Kg6 41. Kf2 Kh5 42. Kg3 Rd8 1/2-1/2

[Event "10e Open de Saint-Chély d'Aubrac"]
[Site "Saint-Chély d'Aubrac"]
[Date "2010.07.12"]
[Round "3.24"]
[White "Herrero, Alain"]
[Black "Barnicol, Georges"]
[Result "1-0"]
[WhiteElo "1762"]
[BlackElo "1320"]
[PlyCount "109"]
[EventDate "2010.??.??"]

1. d4 Nf6 2. c4 g6 3. Nc3 Bg7 4. e4 d6 5. Nf3 O-O 6. Be2 Nc6 7. O-O e5 8. d5
Ne7 9. b4 a6 10. c5 Bg4 11. a4 Bxf3 12. Bxf3 Qd7 13. Ba3 b6 14. cxd6 cxd6 15.
Qb3 b5 16. axb5 axb5 17. Be2 Rab8 18. Bb2 Rb7 19. Ra5 Rfb8 20. Rfa1 Ne8 21. Qa2
Nc7 22. Ra7 Rxa7 23. Qxa7 Ra8 24. Qb6 Rxa1+ 25. Bxa1 Qc8 26. Bxb5 Nxb5 27. Qxb5
Qg4 28. Qd3 Qf4 29. Bb2 Qg4 30. b5 Nc8 31. Na4 Qd7 32. Qb3 Qc7 33. b6 Nxb6 34.
Nxb6 Qc5 35. Nc4 Qc8 36. Nxd6 Qg4 37. Qd3 Qd7 38. Nc4 Qb5 39. Bxe5 Bxe5 40.
Nxe5 Qb2 41. f4 Qc1+ 42. Qf1 Qe3+ 43. Kh1 Qxe4 44. d6 Qd5 45. d7 Kf8 46. Qd3
Qxd3 47. Nxd3 Ke7 48. Nc5 f5 49. Kg1 Kd8 50. Kf2 Ke7 51. Ke3 Kd8 52. Kd4 Ke7
53. Ke5 Kd8 54. Kd6 g5 55. Nb7# 1-0

[Event "10e Open de Saint-Chély d'Aubrac"]
[Site "Saint-Chély d'Aubrac"]
[Date "2010.07.12"]
[Round "3.25"]
[White "Neff, Thomas"]
[Black "Kirchhoff, Matthieu"]
[Result "1-0"]
[WhiteElo "1660"]
[BlackElo "1581"]
[PlyCount "57"]
[EventDate "2010.??.??"]

1. e4 c5 2. Nf3 Nc6 3. d4 cxd4 4. Nxd4 e5 5. Nb3 d6 6. Nc3 Be6 7. f3 Nge7 8.
Be2 f5 9. Be3 f4 10. Bf2 Ng6 11. g3 Be7 12. Qd3 O-O 13. O-O-O a6 14. a3 Bxb3
15. cxb3 Na5 16. Kb1 Nxb3 17. Qd5+ Kh8 18. Qxb3 b5 19. Nd5 Rb8 20. Nxe7 Nxe7
21. Be1 b4 22. Qd3 bxa3 23. Qxa3 Qc7 24. Qxd6 Qb7 25. Bc3 Rfc8 26. Qxe5 Ng6 27.
Qd4 Qc7 28. Rc1 Qb7 29. Bxa6 1-0

[Event "10e Open de Saint-Chély d'Aubrac"]
[Site "Saint-Chély d'Aubrac"]
[Date "2010.07.12"]
[Round "3.26"]
[White "Ferrer, Lauriane"]
[Black "Grange, Gary"]
[Result "1-0"]
[WhiteElo "1650"]
[BlackElo "1190"]
[PlyCount "85"]
[EventDate "2010.??.??"]

1. e4 Nf6 2. Nc3 d5 3. exd5 Nxd5 4. Bc4 Be6 5. Qf3 c6 6. Nge2 Nxc3 7. Bxe6 fxe6
8. Nxc3 g6 9. d3 Bg7 10. Bd2 Nd7 11. O-O Qc7 12. Rfe1 Be5 13. h3 O-O-O 14. Qe4
Rdf8 15. Be3 b6 16. a4 Rf6 17. Ra3 Bd6 18. b4 a5 19. Na2 c5 20. bxc5 bxc5 21.
Rc3 Rf5 22. Qxe6 Re5 23. Qb3 Re8 24. d4 Rf5 25. dxc5 Nxc5 26. Qb5 Rd8 27. Nc1
Qa7 28. Nb3 Rd5 29. Nxc5 Bxc5 30. Rxc5+ Rxc5 31. Qxc5+ Qxc5 32. Bxc5 Rd6 33.
Bxd6 h5 34. Rxe7 h4 35. Kf1 g5 36. Ke2 g4 37. Ke3 g3 38. fxg3 Kd8 39. Rh7 Ke8
40. Kd4 Kd8 41. Ke5 Kc8 42. Ke6 Kd8 43. Rh8# 1-0

[Event "10e Open de Saint-Chély d'Aubrac"]
[Site "Saint-Chély d'Aubrac"]
[Date "2010.07.12"]
[Round "3.27"]
[White "Levy, Nicolas"]
[Black "Muheim, Xavier"]
[Result "1-0"]
[WhiteElo "1610"]
[BlackElo "1470"]
[PlyCount "51"]
[EventDate "2010.??.??"]

1. e4 c5 2. Nf3 e6 3. d4 cxd4 4. Nxd4 b6 5. Nc3 Bb7 6. Bf4 Nc6 7. Ndb5 d6 8.
Bxd6 Bxd6 9. Nxd6+ Kf8 10. Nxb7 Qc7 11. Qd6+ Nge7 12. Qxc7 Rc8 13. Qg3 g6 14.
Nd6 Rd8 15. O-O-O Kg7 16. Bb5 f5 17. Bxc6 Nxc6 18. exf5 exf5 19. Nxf5+ Kf7 20.
Rxd8 Nxd8 21. Qe5 Nc6 22. Qxh8 Ke6 23. Ng7+ Kd6 24. Rd1+ Ke5 25. Ne8+ Ke6 26.
Qf6# 1-0